| 000 | 00664nam a2200217 a 4500 | ||
|---|---|---|---|
| 005 | 20210223124834.0 | ||
| 008 | 030218s2000 mx r 000 0 spa d | ||
| 020 | _a8482801106 | ||
| 035 | _aUPN01000122059 | ||
| 049 | _aCG | ||
| 050 | 4 |
_aRA566.25 _bA7.3 |
|
| 100 | 1 | _aArboleda G., Mary | |
| 245 | 1 | 0 |
_aHacia una educación ambiental : _bla amiga... / _cMary Arboleda G., Armando Junca ; revisor. Guido A. Moncayo. |
| 260 |
_aColombia : _bOveja Negra, _c2000, |
||
| 300 |
_a95 p. : _bil., col. |
||
| 650 | 4 | _aHIGIENE AMBIENTAL | |
| 650 | 4 |
_aECOLOGIA - _xESTUDIO Y ENSEÑANZA _912772 |
|
| 700 | 1 |
_aJunca, Armando, _ecoaut. |
|
| 902 | _aGPR/pgv | ||
| 905 | _aLibro | ||
| 999 |
_c94261 _d94261 |
||